Air pollution (Record no. 166878)

MARC details
000 -LEADER
fixed length control field 00546nam a2200217Ia 4500
003 - CONTROL NUMBER IDENTIFIER
control field OSt
005 - DATE AND TIME OF LATEST TRANSACTION
control field 20230519151449.0
008 - FIXED-LENGTH DATA ELEMENTS--GENERAL INFORMATION
fixed length control field 210423s2000 xx 000 0 und d
020 ## - INTERNATIONAL STANDARD BOOK NUMBER
International Standard Book Number 978-1-56670-513-4
040 ## - CATALOGING SOURCE
Transcribing agency AL
041 ## - LANGUAGE CODE
Language code of text/sound track or separate title eng
082 ## - DEWEY DECIMAL CLASSIFICATION NUMBER
Classification number 628.53
Edition number 23
Item number LIUA
100 ## - MAIN ENTRY--PERSONAL NAME
Personal name LIU (David H F);LIPTAK (Bela G) Ed
9 (RLIN) 109781
245 ## - TITLE STATEMENT
Title Air pollution
260 ## - PUBLICATION, DISTRIBUTION, ETC.
Place of publication, distribution, etc. New York
Name of publisher, distributor, etc. Lewis Publishers
Date of publication, distribution, etc. 2000
300 ## - PHYSICAL DESCRIPTION
Extent vii,242
Other physical details HB
365 ## - TRADE PRICE
Price amount 8551
Currency code GBP
650 ## - SUBJECT ADDED ENTRY--TOPICAL TERM
Topical term or geographic name entry element Engineering
9 (RLIN) 109782
906 ## - LOCAL DATA ELEMENT F, LDF (RLIN)
a Air ; pollution
942 ## - ADDED ENTRY ELEMENTS (KOHA)
Source of classification or shelving scheme Dewey Decimal Classification
Koha item type Book
Holdings
Withdrawn status Lost status Damaged status Not for loan Collection code Home library Current library Date acquired Source of acquisition Cost, normal purchase price Total Checkouts Full call number Barcode Date last seen Price effective from Koha item type
        Analytical Chemistry St Aloysius PG Library St Aloysius PG Library 05/17/2015 Biblios Book Point 8551.00   628.53 LIUA PG013379 08/24/2022 04/26/2021 Book